| 000 | 00686nam a22002297a 4500 | ||
|---|---|---|---|
| 005 | 20170124105920.0 | ||
| 010 | _aA-828641 | ||
| 020 | _c00.00 | ||
| 035 | _aA-828641 | ||
| 037 | _bCen Lib/Ret | ||
| 040 |
_aDPL _bEN |
||
| 082 |
_a305.524 _bDAS |
||
| 100 |
_aDasgupta, Biplab _94218 |
||
| 245 |
_aThe naxalite movement / _cby Biplab Dasgupta |
||
| 260 |
_aBombay _bAllied publishers _c1974 |
||
| 270 |
_a15 Graham road Ballard estate _bBombay _e400001 |
||
| 300 |
_aviii,282p. _c20cm(Hb) |
||
| 500 | _aIncludes index appendix | ||
| 650 |
_aNaxalite movement _94220 |
||
| 650 |
_aPolitical science--Study and teaching _974177 |
||
| 942 |
_2ddc _cEN _h305.524 _mDAS |
||
| 999 |
_c123117 _d123117 |
||